00894nam a2200253Ia 4500003000400000005001700004008004100021020003000062040001700092082002000109100001200129245010700141250005600248260003600304300003600340500001900376650003000395700001300425700002900438700002200467942000900489952012700498999001500625IIN20250826110649.0250826s2023 xx ad 001 0 und d cRs.3099.00a9789393553287 aIINbEnglish a610.73677 bSHA1 aBrunner aTextbook of Medical- Surgical NursingcBrunner and Suddarth; edited by Suresh K. Sharma and S. Madhavi a2nd South Asia ed.bSuresh K. Sharma and S. Madhavi bWolters KluweraNew Delhic2023 axxiv,1269p. / Vol. 1bcol. ill. aIncludes Index1 aMedical SurgicalvNursing1 aSuddarth1 a Sharma, Suresh K. (ed.)1 a Madhavi, S. (ed) cBOOK 00102ddc40708PURCHaIINbIINcGENd2025-04-11g3099.00l0o610.73677 SHAp2119r2025-08-26 11:10:26w2025-08-26yBOOK c1869d1869